000 00287nam a22001337a 4500
008 180903b xxu||||| |||| 00| 0 eng d
020 _a0030567831
041 _aeng
080 _a51
100 _a37
101 _aMAT
245 _aIntermediate Calculus
_cHurley.j.f
942 _2udc
_cBK
999 _c47434
_d47434